02443cam a22004934i 4500003000900000005001700009008004100026035001900067035001900086040004300105082002100148100003200169245009300201264003800294300005500332336002100387337002500408338002300433505029200456526001000748526001000758526000900768526000900777526000900786526000900795526000900804526000900813526000900822526000800831526000800839526000800847526000800855526000800863910002300871942001400894949019000908949019001098994001401288596000601302999021301308999021601521980005501737952015701792PE-LiUPU20250731165544.0150625s1984 pe a r 000 0 spa d a(Sirsi) a33784 a(Sirsi) a33784 aPE-LiUPUbspacPE-LiUPUdPE-LiUPUerda04a985.01bV1852211 aValcercel, Luis E.,eautor.10aHistoria del Perú Antiguo :ba travéz de la fuente escrita.n5 /cLuis E. Valcarcel. 1aLima :bJuan Mejía Baca,c1984. a325 páginas :bilustraciones ;c23 centímetros atext2rdacontent aunmediated2rdamedia avolume2rdacarrier0 aGutiérres en Santa Clara -- Zárate -- licenciado Santillán -- el palentino -- el anónimo de 1580 -- acosta - betazos -- borregán -- oliva -- herrera -- santa cruz Pachacuti -- murúa -- cabello valboa -- Pedro pizarro -- Fernández de oviedo -- López de Gomara -- matienzo. aSEG44 aSEG26 aP151 aP150 aP149 aP146 aP145 aP126 aP125 aP92 aP75 aP74 aP27 aP15 bkslcksld20190422 2ddccBOOK aRC 985.01 V18 5wDEWEYc1i27885lRCmBULr0sYtBOOKu2015-6-25xBIBLIOTECAzUNKNOWN0COMPRAo.CIRCNOTE. No olvidar cambiar la fecha de devolución!!!!!!!o.STAFF. Colección General aRC 985.01 V18 5wDEWEYc2i23847lRCmBULr0sYtBOOKu2015-6-25xBIBLIOTECAzUNKNOWN0COMPRAo.CIRCNOTE. No olvidar cambiar la fecha de devolución!!!!!!!o.STAFF. Colección General aC0bPEPRU a1 aRC 985.01 V18 5wDEWEYc41569i27885lDISCARDmBULp25.00r0sYtBOOKu2015-6-25xBIBLIOTECAzUNKNOWN0COMPRAo.CIRCNOTE. No olvidar cambiar la fecha de devolución!!!!!!!o.STAFF. Colección Generald41569 aRC 985.01 V18 5wDEWEYc2i23847d2016-4-14e2015-11-6f2021-11-8g5lCCODEBUL1mBULn1p25.00r0sYtBOOKu2015-6-25xBIBLIOTECAzUNKNOWN0COMPRAo.CIRCNOTE. o.STAFF. Colección Ciencias Humanas y Educación 81gALBERTO SANCHEZ Responsable de Automatización r2025-12-02 00:00:00i1l0oRC 985.01 V18 5p23847te2v30.00w2015-06-25xFACIHEDyREF102ddc50718REFfP14aBULbBULcREFd2015-06-25eCOMPRAg25.00